000 00298nam a22001337a 4500
003 SGT
082 _a617.692
_bC18R
100 _aRITWAN, PANKAJ K.
245 _aCOMPARATIVE EVALUATION OF RERIODONTAL
260 _aSGTU
_c2018
300 _a96
650 _aPROSTHODONTICS DENTAL
942 _2ddc
_cTH
999 _c20649
_d20649